<?xml version="1.0" encoding="UTF-8"?><?xml-stylesheet type="text/xsl" href="static/style.xsl"?><OAI-PMH xmlns="http://www.openarchives.org/OAI/2.0/" xmlns:xsi="http://www.w3.org/2001/XMLSchema-instance" xsi:schemaLocation="http://www.openarchives.org/OAI/2.0/ http://www.openarchives.org/OAI/2.0/OAI-PMH.xsd"><responseDate>2026-06-07T23:41:30Z</responseDate><request verb="GetRecord" identifier="oai:docta.ucm.es:20.500.14352/129926" metadataPrefix="marc">https://docta.ucm.es/rest/oai/request</request><GetRecord><record><header><identifier>oai:docta.ucm.es:20.500.14352/129926</identifier><datestamp>2026-01-13T00:49:16Z</datestamp><setSpec>com_20.500.14352_14</setSpec><setSpec>col_20.500.14352_21</setSpec></header><metadata><record xmlns="http://www.loc.gov/MARC21/slim" xmlns:dcterms="http://purl.org/dc/terms/" xmlns:xsi="http://www.w3.org/2001/XMLSchema-instance" xmlns:doc="http://www.lyncode.com/xoai" xsi:schemaLocation="http://www.loc.gov/MARC21/slim http://www.loc.gov/standards/marcxml/schema/MARC21slim.xsd">
   <leader>00925njm 22002777a 4500</leader>
   <datafield ind2=" " ind1=" " tag="042">
      <subfield code="a">dc</subfield>
   </datafield>
   <datafield ind2=" " ind1=" " tag="720">
      <subfield code="a">Pérez Moreno, Elisa María</subfield>
      <subfield code="e">author</subfield>
   </datafield>
   <datafield ind2=" " ind1=" " tag="720">
      <subfield code="a">Jiménez, Felipe</subfield>
      <subfield code="e">author</subfield>
   </datafield>
   <datafield ind2=" " ind1=" " tag="720">
      <subfield code="a">Naranjo, José Eugenio</subfield>
      <subfield code="e">author</subfield>
   </datafield>
   <datafield ind2=" " ind1=" " tag="720">
      <subfield code="a">Palomares, Nicolás</subfield>
      <subfield code="e">author</subfield>
   </datafield>
   <datafield ind2=" " ind1=" " tag="720">
      <subfield code="a">Silva, Javier</subfield>
      <subfield code="e">author</subfield>
   </datafield>
   <datafield ind2=" " ind1=" " tag="720">
      <subfield code="a">Laparra-Hernández, José</subfield>
      <subfield code="e">author</subfield>
   </datafield>
   <datafield ind2=" " ind1=" " tag="720">
      <subfield code="a">Solaz, José</subfield>
      <subfield code="e">author</subfield>
   </datafield>
   <datafield ind2=" " ind1=" " tag="260">
      <subfield code="c">2023</subfield>
   </datafield>
   <datafield ind2=" " ind1=" " tag="520">
      <subfield code="a">This chapter examines driver behavior within automated driving systems from a human-centered  perspective, emphasizing the integration of cognitive, behavioral, and decision-making processes into the design and evaluation of vehicle automation. First, it outlines the theoretical foundations of human–automation interaction (HAI), highlighting the limitations of purely technology-driven approaches and the need to conceptualize the driver as an integral and active component of the control loop. Particular attention is given to intermediate levels of automation, where drivers are required to supervise the system and resume control under time-critical conditions.The chapter focuses on the assessment of driver state within HAI models, identifying key dimensions influenced by automation, including mental workload, situational awareness, automation complacency, and skill degradation. It analyzes how automated driving may induce both cognitive underload and overload, leading to reduced vigilance and impaired takeover performance during transitions of control. A comprehensive review of subjective, behavioral, and physiological assessment methods is provided, underscoring the advantages of multimodal and non-intrusive approaches for real-time driver monitoring. Overall, the chapter argues that safe and effective automated driving requires adaptive systems capable of continuously evaluating driver state and supporting robust human–vehicle cooperation to mitigate automation-related performance degradation.</subfield>
   </datafield>
   <datafield ind1="8" ind2=" " tag="024">
      <subfield code="a">Pérez-Moreno, E., Jiménez, F., Naranjo, J.E., Palomares, N., Silva, J., Laparra-Hernández, J. &amp; Solaz, J. (2023). Driver Behavior. In J. Villagra &amp; F. Jiménez (Eds.), Decision-Making Techniques for Autonomous Vehicles (283-332). Elsevier.</subfield>
   </datafield>
   <datafield ind1="8" ind2=" " tag="024">
      <subfield code="a">978-0-323-98339-6</subfield>
   </datafield>
   <datafield ind1="8" ind2=" " tag="024">
      <subfield code="a">10.1016/C2021-0-00579-4</subfield>
   </datafield>
   <datafield ind1="8" ind2=" " tag="024">
      <subfield code="a">https://hdl.handle.net/20.500.14352/129926</subfield>
   </datafield>
   <datafield ind1="8" ind2=" " tag="024">
      <subfield code="a">https://doi.org/10.1016/B978-0-323-98339-6.00007-5</subfield>
   </datafield>
   <datafield ind1="8" ind2=" " tag="024">
      <subfield code="a">https://doi.org/10.1016/C2021-0-00579-4</subfield>
   </datafield>
   <datafield ind1="8" ind2=" " tag="024">
      <subfield code="a">https://www.sciencedirect.com/book/edited-volume/9780323983396/decision-making-techniques-for-autonomous-vehicles#table-of-contents</subfield>
   </datafield>
   <datafield ind2="0" ind1="0" tag="245">
      <subfield code="a">Driver behavior</subfield>
   </datafield>
</record></metadata></record></GetRecord></OAI-PMH>